Ancient History by Letter 'L' - Statistics

General Stats
  • This quiz has been taken 1,242 times
  • The average score is 10 of 15
Answer Stats
Hint Answer % Correct
Primary language of the Western Roman Empire Latin
98%
Zeus might strike you down with one of these Lightning bolt
88%
Maze-like structure where the Minotaur lives Labyrinth
86%
Group of about 5000 Roman soldiers divided into Coherts and Centuries Legion
86%
The sacrifice of this animal is often compared to the crucifixion of Jesus Christ Lamb
82%
Greek island where Sappho was born, known for its LGBT tourism Lesbos
79%
Hed led 300 Spartans at the Battle of Thermopylae Leonidas I
77%
Ancient Wonder of the World situated at Alexandria Lighthouse of Alexandria
76%
U-shaped stringed intrument that might be used for fiddling Lyre
75%
Hercules joined the Argonauts after completing 12 of these Labors
69%
Chinese philosopher, founder of Taoism, he wrote Tao Te Ching Laozi
55%
What the Romans called Ancient London Londinium
51%
Emperor Caligulas' name is often said to mean this Little Boots
49%
Along with Augustus and Mark Antony, he formed the Second Triumvirate Lepidus
25%
Her rape and suicide led to the establishment of the Roman Republic Lucretia
20%
No matching quizzes found
Score Distribution
Percent of People with Each Score
Percentile by Number Answered
Your Score History
You have not taken this quiz